| 000 | 00676nam a22002177a 4500 | ||
|---|---|---|---|
| 999 |
_c4727 _d4727 |
||
| 003 | AR-CdUCM | ||
| 008 | 190311b ||||| |||| 00| 0 spa d | ||
| 040 |
_aMUNICIPALIDAD PROVINCIAL DEL CUSCO _cBIBLIOTECA MUNICIPAL DEL CUSCO |
||
| 082 |
_a860.41 / _bSO729 |
||
| 100 |
_aSouviron, José María _914644 |
||
| 245 | _aLa nueva poesía española / | ||
| 260 |
_aSantiago de Chile : _bEditorial Nascimento, _c1932. |
||
| 300 |
_a53 páginas ; _c18 cm. |
||
| 500 | _aDonación familia Luis Nieto | ||
| 505 | _aContenido: Poesía española. | ||
| 650 |
_aPoesía española _9158 |
||
| 650 |
_aEnsayo _9274 |
||
| 650 |
_aAmérica _91348 |
||
| 942 |
_2ddc _cLIBROS |
||
| 945 | _adavv | ||